000 00302nam a2200121 i 4500
001 bg
245 0 _aZadaći po termodinamike i statistićeskoj fizike /
_cpod red. P. Landsberga.
260 _aMoskva,
_c1974.
040 _cBPK
041 _apol
942 _cKS
008 s pl f |000 0 pol
999 _c392
_d392
856 _uhttp://koha.tu.koszalin.pl/cgi-bin/koha/opac-detail.pl?biblionumber=392
_yKatalog online BPK